| 000 | 00494nam a2200181Ia 4500 | ||
|---|---|---|---|
| 001 | 20787 | ||
| 005 | 20260306172831.0 | ||
| 008 | 260306t2019||||xx |||||||||||||| ||spa|| | ||
| 041 | _aESP | ||
| 082 |
_a343.8 _bB26P |
||
| 100 |
_aBasilio Padilla, Cynthia Fiorella _eAUT |
||
| 245 | 0 | _aPrecios de transferencia y reporte local, reporte maestro y reporte país por país | |
| 260 | _c2019 | ||
| 300 |
_a46 páginas : _c24 cm. |
||
| 650 | _aGEN | ||
| 654 | _aCDE | ||
| 942 |
_cLIB _dJUS _fJUS _2ddc _n |
||
| 999 |
_c20787 _d20787 |
||